[Event "22e Tournoi 1hKO"]
[Site "Montigny le Bretonneux"]
[Date "2018.05.10"]
[Round "3.6"]
[White "Trevisiol, Antoine"]
[Black "Leclet, Pierre"]
[Result "1-0"]
[WhiteElo "1404"]
[BlackElo "1483"]
[Annotator "Rivier,Sylvain"]
[PlyCount "101"]
[EventDate "2018.??.??"]

{DÃ©fense vieille Benoni} 1. d4 e6 2. c4 c5 3. Nf3 Nc6 4. d5 exd5 5. cxd5 Nb4
6. Nc3 d6 7. Bf4 Nf6 8. e4 Bg4 9. Rc1 a5 10. a3 Na6 11. Bb5+ Nd7 12. h3 Bh5 13.
O-O Be7 14. Qd3 O-O 15. Rfe1 Bxf3 16. Qxf3 Ne5 17. Bxe5 dxe5 18. Na4 Nc7 19.
Bd3 b5 20. Nxc5 b4 21. a4 Qd6 22. Be2 Qg6 23. Nd7 Bd6 24. Nxf8 Rxf8 25. Rc6 f5
26. exf5 Qf6 27. Rec1 Rf7 28. Qe4 h6 29. Bh5 Re7 30. Bg6 Rd7 31. b3 Qf8 32. Qc4
Kh8 33. Rxc7 Rxc7 34. Qxc7 Bxc7 35. Rxc7 Qd8 36. d6 Kg8 37. Re7 Kf8 38. Rxe5
Qd7 39. Re7 Qd8 40. Rf7+ Kg8 41. d7 Kh8 42. h4 Kg8 43. g3 Kh8 44. Kf1 Kg8 45.
f4 Kh8 46. g4 Kg8 47. g5 hxg5 48. fxg5 Kh8 49. h5 Kg8 50. h6 Qxg5 51. h7+ 1-0

[Event "22e Tournoi 1hKO"]
[Site "Montigny le Bretonneux"]
[Date "2018.05.10"]
[Round "3.7"]
[White "Pelletier, Noe"]
[Black "Sagon, Lancelot"]
[Result "0-1"]
[WhiteElo "1180"]
[BlackElo "1479"]
[Annotator "Rivier,Sylvain"]
[PlyCount "92"]
[EventDate "2018.??.??"]

{Gambit dame} 1. d4 d5 2. c4 e6 3. Nc3 Nf6 4. Bg5 Be7 5. f3 Nbd7 6. e4 dxe4 7.
fxe4 Nxe4 8. Bxe7 Nxc3 9. Bxd8 Nxd1 10. Rxd1 Kxd8 11. Nf3 Ke7 12. Bd3 h6 13.
O-O Re8 14. Ne5 Nxe5 15. dxe5 b6 16. Be2 Bb7 17. Bh5 g6 18. Be2 Rad8 19. Rc1
Rd2 20. Bf3 Bxf3 21. Rxf3 Rxb2 22. Rcf1 Rf8 23. Ra3 a5 24. c5 Rc2 25. cxb6 cxb6
26. Rb1 Rb8 27. Rxa5 bxa5 28. Rxb8 Rxa2 29. Ra8 a4 30. Ra7+ Kf8 31. Ra8+ Kg7
32. Ra7 Re2 33. Rxa4 Rxe5 34. Kf2 f5 35. Kf3 Rb5 36. Ra6 Kf6 37. Kf4 g5+ 38.
Kg3 Rb3+ 39. Kf2 h5 40. h3 g4 41. h4 f4 42. Ra4 Kf5 43. Ra5+ e5 44. Ra8 g3+ 45.
Kf1 Kg4 46. Ra5 Re3 0-1

[Event "22e Tournoi 1hKO"]
[Site "Montigny le Bretonneux"]
[Date "2018.05.10"]
[Round "3.8"]
[White "Harang, Mathurin"]
[Black "Sondermeijer, Antoine"]
[Result "0-1"]
[WhiteElo "1099"]
[BlackElo "1465"]
[Annotator "Rivier,Sylvain"]
[PlyCount "48"]
[EventDate "2018.??.??"]

{Défense sicilienne} 1. e4 c5 2. Bc4 Nc6 3. d3 g6 4. Qf3 Ne5 5. Qd1 Nxc4 6. Ne2
Qa5+ 7. c3 Ne5 8. O-O Bg7 9. a3 Nf6 10. b4 cxb4 11. axb4 Qxa1 12. d4 Qxb1 13.
dxe5 Nxe4 14. Qd2 Nxd2 15. g3 Nxf1 16. Kxf1 Bxe5 17. b5 Qxb5 18. Bf4 Bxc3 19.
Bc7 b6 20. Bf4 Ba6 21. Bc7 Qxe2+ 22. Kg2 Bb7+ 23. Kh3 Qxf2 24. Bxb6 Qf5+ 0-1

[Event "22e Tournoi 1hKO"]
[Site "Montigny le Bretonneux"]
[Date "2018.05.10"]
[Round "3.9"]
[White "Alluch Abdellach, Nordin"]
[Black "Zareli, Aymane"]
[Result "1-0"]
[WhiteElo "1426"]
[BlackElo "1009"]
[Annotator "Rivier,Sylvain"]
[PlyCount "47"]
[EventDate "2018.??.??"]

{Gambit dame accepté} 1. d4 d5 2. Nf3 Nc6 3. c4 dxc4 4. e3 Na5 5. Qa4+ Nc6 6.
Qxc4 Na5 7. Qa4+ Nc6 8. Bd3 a6 9. Bd2 b5 10. Qb3 Na5 11. Bxa5 Be6 12. Qc2 Nf6
13. O-O g6 14. Nbd2 Bh6 15. Ne4 Bd5 16. Nxf6+ exf6 17. e4 Bc6 18. d5 Bb7 19.
Nd4 Rc8 20. Nc6 Bxc6 21. Qxc6+ Qd7 22. Qxf6 O-O 23. Bc3 Bg7 24. Qxg7# 1-0

[Event "22e Tournoi 1hKO"]
[Site "Montigny le Bretonneux"]
[Date "2018.05.10"]
[Round "3.10"]
[White "Tanchoux, Pierre"]
[Black "Montay, Jean-Paul"]
[Result "0-1"]
[WhiteElo "1298"]
[BlackElo "1391"]
[Annotator "Rivier,Sylvain"]
[PlyCount "36"]
[EventDate "2018.??.??"]

{Défense siciienne, variante Taimanov} 1. e4 c5 2. Nf3 e6 3. d4 cxd4 4. Nxd4
Nc6 5. Nc3 a6 6. Be2 Nf6 7. O-O Qc7 8. Kh1 Be7 9. Bf3 O-O 10. Nxc6 bxc6 11. Re1
d6 12. Bf4 e5 13. Bd2 Qb6 14. Na4 Qxf2 15. Be3 Qh4 16. g3 Qh3 17. g4 Nxg4 18.
Bg2 Qxh2# 0-1

[Event "22e Tournoi 1hKO"]
[Site "Montigny le Bretonneux"]
[Date "2018.05.10"]
[Round "3.11"]
[White "Rayeh, Anas"]
[Black "Charalambides, Tom"]
[Result "1-0"]
[WhiteElo "1204"]
[BlackElo "1009"]
[Annotator "Rivier,Sylvain"]
[PlyCount "201"]
[EventDate "2018.??.??"]

{Défense Philidor} 1. e4 e5 2. Nf3 d6 3. Nc3 Be7 4. Bc4 Be6 5. Bb3 Bxb3 6. axb3
Nf6 7. O-O Ng4 8. d3 h5 9. Bg5 Bxg5 10. Nxg5 Qxg5 11. h3 Nf6 12. Qf3 Qd2 13.
Rac1 Qf4 14. Qxf4 exf4 15. d4 c5 16. dxc5 dxc5 17. e5 Nfd7 18. Rcd1 Nxe5 19.
Nd5 Kd8 20. Nxf4+ Kc8 21. c3 c4 22. bxc4 Nxc4 23. b3 Nb2 24. Rd5 Rd8 25. Rc5+
Nc6 26. b4 Nd3 27. Nxd3 Rxd3 28. b5 Rd6 29. Re1 Kc7 30. Re7+ Rd7 31. Rxd7+ Kxd7
32. bxc6+ bxc6 33. Rxh5 a5 34. Rh4 a4 35. Rd4+ Kc7 36. Rd2 a3 37. Ra2 Kd6 38.
Kf1 Kd5 39. Ke2 Kc4 40. Kd2 Rd8+ 41. Kc2 Ra8 42. Ra1 a2 43. Kb2 f5 44. g4 g6
45. gxf5 gxf5 46. h4 Kd3 47. h5 f4 48. h6 f3 49. Rxa2 Rxa2+ 50. Kxa2 Ke2 51. h7
Kxf2 52. h8=Q Kg2 53. Qg8+ Kh2 54. Qg4 f2 55. Qh4+ Kg1 56. Qg3+ Kf1 57. c4 Ke2
58. Qe5+ Kd2 59. Qd4+ Ke1 60. Qe3+ Kf1 61. Kb3 Kg2 62. Qg5+ Kf3 63. Qf5+ Ke2
64. Qe6+ Kf3 65. Qxc6+ Ke2 66. Qe4+ Kf1 67. c5 Kg1 68. Qg4+ Kh1 69. Qh4+ Kg1
70. Qxf2+ Kxf2 71. c6 Ke3 72. c7 Kd4 73. c8=Q Kd5 74. Kb4 Kd6 75. Kb5 Ke7 76.
Kc6 Kf7 77. Qd8 Kg7 78. Kd6 Kg6 79. Qf8 Kg5 80. Ke6 Kh4 81. Ke5 Kg3 82. Ke4 Kg4
83. Ke3 Kg5 84. Ke4 Kg4 85. Qg8+ Kh3 86. Kf5 Kh2 87. Kf4 Kh3 88. Kf3 Kh4 89.
Kf4 Kh5 90. Kf5 Kh6 91. Kf6 Kh5 92. Kf5 Kh4 93. Kf4 Kh5 94. Kf5 Kh4 95. Kf6 Kh3
96. Kf5 Kh2 97. Qg7 Kh1 98. Kf4 Kh2 99. Kf3 Kh1 100. Kf2 Kh2 101. Qg2# 1-0

[Event "22e Tournoi 1hKO"]
[Site "Montigny le Bretonneux"]
[Date "2018.05.10"]
[Round "3.12"]
[White "Carbonero, Jean Marc"]
[Black "Zareli, Youssef"]
[Result "0-1"]
[WhiteElo "1098"]
[BlackElo "1190"]
[Annotator "Rivier,Sylvain"]
[PlyCount "72"]
[EventDate "2018.??.??"]

{Partie espagnole, défense berlinoise} 1. e4 e5 2. Nf3 Nc6 3. Bb5 d6 4. O-O Nf6
5. Nc3 Bd7 6. a4 Be7 7. d3 O-O 8. Bg5 h6 9. Nd5 Nxd5 10. exd5 Bxg5 11. dxc6
bxc6 12. Bc4 Bf6 13. d4 Bg4 14. Be2 Bxf3 15. Bxf3 exd4 16. Bxc6 Rb8 17. Rb1 d3
18. c3 Rb6 19. Bb5 Be5 20. Qxd3 c6 21. Ba6 d5 22. b4 Qh4 23. g3 Qf6 24. a5 Rbb8
25. Rbc1 d4 26. f4 Bd6 27. Qxd4 Qxd4+ 28. cxd4 Rxb4 29. Rxc6 Rxd4 30. Be2 Re8
31. Rcc1 Rxe2 32. Rc8+ Kh7 33. Rcc1 Rdd2 34. Rcd1 Rg2+ 35. Kh1 Rxh2+ 36. Kg1
Rdg2# 0-1

[Event "22e Tournoi 1hKO"]
[Site "Montigny le Bretonneux"]
[Date "2018.05.12"]
[Round "4.1"]
[White "Forissier, Nicolas"]
[Black "Trevisiol, Thierry"]
[Result "1-0"]
[WhiteElo "1977"]
[BlackElo "1578"]
[Annotator "Rivier,Sylvain"]
[PlyCount "48"]
[EventDate "2018.??.??"]

{Début Ponziani} 1. d4 d5 2. c4 Nc6 3. cxd5 Qxd5 4. Nf3 e5 5. Nc3 Bb4 6. e3 Bg4
7. Be2 exd4 8. exd4 Nge7 9. O-O Qh5 10. Bf4 Ba5 11. Qb3 Rd8 12. Rfd1 O-O 13.
Rac1 Bb6 14. d5 Na5 15. Qa4 Nxd5 16. Nxd5 Rxd5 17. Bxc7 Bd7 18. Qf4 Rxd1+ 19.
Rxd1 Bxc7 20. Qxc7 Bc6 21. b4 Ba4 22. Rd8 Nc6 23. Rxf8+ Kxf8 24. Qxb7 Qd5 {
suite non notée} 1-0

[Event "22e Tournoi 1hKO"]
[Site "Montigny le Bretonneux"]
[Date "2018.05.12"]
[Round "4.2"]
[White "Didierjean, Tristan"]
[Black "David, Frederic"]
[Result "0-1"]
[WhiteElo "1697"]
[BlackElo "1964"]
[Annotator "Rivier,Sylvain"]
[PlyCount "126"]
[EventDate "2018.??.??"]

{Ouverture du pion dame} 1. d4 d5 2. e3 Nf6 3. Nd2 c5 4. c3 cxd4 5. exd4 Nc6 6.
Ngf3 Bg4 7. Be2 e6 8. Ne5 Bxe2 9. Qxe2 Nxe5 10. dxe5 Nd7 11. f4 Qb6 12. Nb3 Be7
13. Be3 Qa6 14. Qxa6 bxa6 15. O-O O-O 16. Rf3 Rfc8 17. Bd4 g6 18. g4 Bc5 19.
Nxc5 Nxc5 20. h4 Ne4 21. Rd1 Rab8 22. b3 Rb7 23. Kh2 Rbc7 24. Rdd3 Kf8 25. f5
Ke7 26. f6+ Ke8 27. b4 Rc4 28. a3 Kd7 29. Bxa7 Nxc3 30. Bc5 Ne4 31. Bd4 Rc2+
32. Kh3 Ra2 33. g5 Rcc2 34. h5 Rh2+ 35. Kg4 Rhg2+ 36. Kf4 Rxg5 37. hxg6 Rf5+
38. Ke3 Rxf3+ 39. Kxf3 hxg6 40. Kf4 Rh2 41. Rd1 Rh4+ 42. Kf3 Rh3+ 43. Kf4 g5+
44. Kg4 Rh4+ 45. Kf3 Kc6 46. Bb2 g4+ 47. Kg2 g3 48. Rh1 Rxh1 49. Kxh1 Kb5 50.
Kg2 Kc4 51. Bc1 d4 52. Bf4 d3 53. Be3 d2 54. Bxd2 Nxd2 55. Kxg3 Nb1 56. Kh4
Nxa3 57. Kh5 Nc2 58. Kh6 Nxb4 59. Kg7 Nc6 60. Kxf7 Nxe5+ 61. Kxe6 Kd4 62. Kd6
a5 63. Kc7 a4 0-1

[Event "22e Tournoi 1hKO"]
[Site "Montigny le Bretonneux"]
[Date "2018.05.12"]
[Round "4.3"]
[White "Branson, James"]
[Black "Alluch Abdellach, Nordin"]
[Result "0-1"]
[WhiteElo "1516"]
[BlackElo "1426"]
[Annotator "Rivier,Sylvain"]
[PlyCount "142"]
[EventDate "2018.??.??"]

{Défense sicilienne, système fermé} 1. e4 c5 2. Nc3 a6 3. f4 d6 4. Nf3 Nc6 5.
g3 Bg4 6. Bg2 h5 7. h3 Bd7 8. d3 e6 9. O-O Be7 10. Qe2 Bf6 11. f5 Nd4 12. Nxd4
cxd4 13. fxe6 Bxe6 14. Nd5 Be5 15. Bf4 Ne7 16. Qf3 Ng6 17. Rac1 Bxd5 18. exd5
Qc7 19. Bxe5 Nxe5 20. Qe4 O-O 21. Qxd4 Qd8 22. Qf4 Ng6 23. Qf5 h4 24. g4 Qb6+
25. Kh1 Rae8 26. Be4 Re5 27. Qf2 Qxf2 28. Rxf2 Ne7 29. c4 b5 30. b3 f5 31. Rcf1
g6 32. gxf5 gxf5 33. Rf4 Rf7 34. Bf3 Ng6 35. Rg1 Kh7 36. Bh5 Nxf4 37. Bxf7 Re3
38. Rf1 Rxh3+ 39. Kg1 Rg3+ 40. Kf2 Nxd3+ 41. Ke2 f4 42. Be6 Re3+ 43. Kd2 Rg3
44. Rh1 Kg6 45. Rxh4 Kg5 46. Rh3 Rxh3 47. Bxh3 Kh4 48. Bf1 bxc4 49. bxc4 Nc5
50. Ke2 Kg3 51. a3 f3+ 52. Ke3 Nd7 53. a4 Ne5 54. a5 Ng4+ 55. Kd4 Kf2 56. Bd3
Ne5 57. Be4 Ke2 58. c5 f2 59. Bg2 Nd3 60. c6 Nf4 61. Bf1+ Kxf1 62. c7 Ne2+ 63.
Ke3 Ke1 64. c8=Q f1=Q 65. Qg4 Qf2+ 66. Kd3 Nf4+ 67. Ke4 Ne2 68. Qg5 Qd4+ 69.
Kf3 Ng1+ 70. Kg3 Qf2+ 71. Kg4 Qf3+ 0-1

[Event "22e Tournoi 1hKO"]
[Site "Montigny le Bretonneux"]
[Date "2018.05.12"]
[Round "4.4"]
[White "Sondermeijer, Antoine"]
[Black "Fasquelle, Yann"]
[Result "1-0"]
[WhiteElo "1465"]
[BlackElo "1512"]
[Annotator "Rivier,Sylvain"]
[PlyCount "61"]
[EventDate "2018.??.??"]

{Défense sicilienne, système fermé} 1. e4 c5 2. Nc3 d6 3. g3 g6 4. f4 e6 5. Bg2
Bg7 6. Nf3 Nc6 7. O-O Nge7 8. d3 O-O 9. Be3 Qb6 10. Qd2 Qxb2 11. e5 dxe5 12.
Bxc5 exf4 13. d4 Nb4 14. Rfc1 Qa3 15. Bxe7 Re8 16. Nb5 Qxc1+ 17. Rxc1 Rxe7 18.
Qxb4 Bf8 19. Qd2 fxg3 20. hxg3 a6 21. Nd6 Rd7 22. Nxc8 Rxc8 23. c4 Bg7 24. Qe3
Rcd8 25. Rd1 h6 26. Ne5 Rd6 27. c5 Rd5 28. Bxd5 Rxd5 29. Rd3 Kh7 30. Nxf7 Rf5
31. Qxe6 1-0

[Event "22e Tournoi 1hKO"]
[Site "Montigny le Bretonneux"]
[Date "2018.05.12"]
[Round "4.5"]
[White "Sagon, Lancelot"]
[Black "Sondermeijer, Damien"]
[Result "1/2-1/2"]
[WhiteElo "1479"]
[BlackElo "1414"]
[Annotator "Rivier,Sylvain"]
[PlyCount "72"]
[EventDate "2018.??.??"]

{Défense française, variante d'échange} 1. e4 e6 2. d4 d5 3. exd5 exd5 4. Bd3
Bd6 5. Nf3 Nf6 6. O-O Be6 7. Be3 O-O 8. Nbd2 c6 9. c3 Qc7 10. Qc2 Ng4 11. h3
Nf6 12. Nh4 Nbd7 13. Nf5 Bf4 14. Bxf4 Qxf4 15. Ng3 Rfe8 16. Rfe1 Qc7 17. Re2
Re7 18. Rae1 Rae8 19. Nf5 Bxf5 20. Rxe7 Rxe7 21. Rxe7 Be6 22. Bf5 Qd6 23. Bxe6
fxe6 24. Rxd7 Qxd7 25. Nf3 Qd6 26. Qe2 h6 27. Ne5 Nd7 28. Nd3 Kf8 29. Qf3+ Ke7
30. Qg4 Kf8 31. Qg6 Qe7 32. Qg4 Nf6 33. Qf3 Ke8 34. Ne5 g5 35. Ng6 Qg7 36. Ne5
Qe7 1/2-1/2

[Event "22e Tournoi 1hKO"]
[Site "Montigny le Bretonneux"]
[Date "2018.05.12"]
[Round "4.6"]
[White "Montay, Jean-Paul"]
[Black "Trevisiol, Antoine"]
[Result "0-1"]
[WhiteElo "1391"]
[BlackElo "1404"]
[Annotator "Rivier,Sylvain"]
[PlyCount "44"]
[EventDate "2018.??.??"]

{Ouverture anglaise} 1. c4 Nf6 2. Nc3 d5 3. cxd5 Nxd5 4. g3 e5 5. Bg2 c6 6. Nf3
Bd6 7. O-O Be6 8. d4 Nxc3 9. bxc3 Nd7 10. e3 O-O 11. Qc2 Qe7 12. a4 Bc4 13. Re1
e4 14. Bf1 Bxf1 15. Rxf1 exf3 16. c4 Qg5 17. c5 Bc7 18. e4 Qg4 19. Kh1 Rfe8 20.
e5 Nxe5 21. dxe5 Rxe5 22. Bf4 Rh5 0-1

[Event "22e Tournoi 1hKO"]
[Site "Montigny le Bretonneux"]
[Date "2018.05.12"]
[Round "4.7"]
[White "Privat, Jean-Claude"]
[Black "Rayeh, Anas"]
[Result "1-0"]
[WhiteElo "1605"]
[BlackElo "1204"]
[Annotator "Rivier,Sylvain"]
[PlyCount "65"]
[EventDate "2018.??.??"]

{Défense est-indienne, variante orthodoxe} 1. d4 d6 2. c4 g6 3. Nc3 Nf6 4. e4
Bg7 5. Nf3 O-O 6. Be2 e5 7. O-O Bg4 8. d5 Nbd7 9. Nd2 Bh5 10. g4 Bxg4 11. Bxg4
Nxg4 12. Qxg4 Nc5 13. Qg3 Bh6 14. Nb3 Bxc1 15. Rfxc1 Nxb3 16. axb3 Qd7 17. Rf1
f5 18. f3 f4 19. Qg4 Qxg4+ 20. fxg4 h5 21. gxh5 gxh5 22. Kf2 Kh7 23. Rg1 Rg8
24. Rxg8 Rxg8 25. Rg1 Rxg1 26. Kxg1 c5 27. Nb5 b6 28. Nxd6 Kg6 29. h4 Kf6 30.
Kf2 Ke7 31. Nc8+ Kd7 32. Nxa7 Kc7 33. Nc6 1-0

[Event "22e Tournoi 1hKO"]
[Site "Montigny le Bretonneux"]
[Date "2018.05.12"]
[Round "4.8"]
[White "Duval, Dominique"]
[Black "Pelletier, Noe"]
[Result "1-0"]
[WhiteElo "1704"]
[BlackElo "1180"]
[Annotator "Rivier,Sylvain"]
[PlyCount "71"]
[EventDate "2018.??.??"]

{Partie du pion dame} 1. d4 d5 2. Nf3 Bg4 3. Ne5 Bf5 4. Bf4 f6 5. Nf3 Nc6 6. c3
e6 7. e3 Bd6 8. Bxd6 Qxd6 9. Qb3 e5 10. Bb5 e4 11. Nh4 Be6 12. g3 f5 13. Ng2
Nf6 14. Qa4 O-O 15. Bxc6 bxc6 16. Nf4 c5 17. dxc5 Qxc5 18. Nxe6 Qd6 19. Nxf8
Qxf8 20. Qd4 Qb8 21. b3 a5 22. Nd2 Qb5 23. a4 Qb7 24. Rc1 Rc8 25. c4 c5 26. Qc3
Qb6 27. cxd5 Nxd5 28. Qc4 Qc6 29. b4 axb4 30. Nb3 Kh8 31. Qxc5 Qxc5 32. Rxc5
Rd8 33. O-O Nb6 34. Rfc1 g6 35. a5 Nd7 36. Rc8 1-0

[Event "22e Tournoi 1hKO"]
[Site "Montigny le Bretonneux"]
[Date "2018.05.12"]
[Round "4.9"]
[White "Leclet, Pierre"]
[Black "Harang, Mathurin"]
[Result "1-0"]
[WhiteElo "1483"]
[BlackElo "1099"]
[Annotator "Rivier,Sylvain"]
[PlyCount "67"]
[EventDate "2018.??.??"]

{Ouverture du pion dame} 1. d4 Nf6 2. b3 d6 3. Bb2 e5 4. dxe5 dxe5 5. Qxd8+
Kxd8 6. Bxe5 Bd6 7. Bxd6 cxd6 8. g3 d5 9. Bg2 Be6 10. Nc3 Bf5 11. O-O-O Re8 12.
Nxd5 Nxd5 13. Bxd5 Bg4 14. Bxf7+ Ke7 15. Bxe8 Kxe8 16. f3 Bf5 17. g4 Be6 18.
Nh3 h6 19. Nf4 Nc6 20. Nxe6 Kf7 21. Nf4 g5 22. Nh5 Rd8 23. Rxd8 Nxd8 24. Rd1
Ne6 25. Rd7+ Ke8 26. Rxb7 Nc5 27. Rxa7 Ne6 28. Ng7+ Nxg7 29. Rxg7 h5 30. gxh5
g4 31. fxg4 Kf8 32. h6 Ke8 33. h7 Kf8 34. h8=Q# 1-0

[Event "22e Tournoi 1hKO"]
[Site "Montigny le Bretonneux"]
[Date "2018.05.12"]
[Round "4.11"]
[White "Charalambides, Tom"]
[Black "Zareli, Youssef"]
[Result "1/2-1/2"]
[WhiteElo "1009"]
[BlackElo "1190"]
[Annotator "Rivier,Sylvain"]
[PlyCount "78"]
[EventDate "2018.??.??"]

{Partie du pion dame} 1. d4 d5 2. Bf4 Nc6 3. c3 Bf5 4. Na3 a6 5. b4 Nf6 6. b5
Na5 7. e3 Nc4 8. Bxc4 dxc4 9. Nxc4 axb5 10. Ne5 e6 11. Rb1 c6 12. Rb2 Bd6 13.
Ngf3 Ne4 14. Nh4 Qxh4 15. g3 Qe7 16. g4 Nxc3 17. Qa1 Bxe5 18. Bxe5 Bxg4 19. Rc2
b4 20. h3 Bf3 21. Rg1 Be4 22. Rxc3 bxc3 23. Qxc3 f6 24. f3 Bxf3 25. Qc5 Qxc5
26. dxc5 fxe5 27. Rxg7 Rxa2 28. Rg3 Re2+ 29. Kf1 Rxe3 30. Kf2 Rc3 31. Rxf3 Rxc5
32. Re3 Rf8+ 33. Rf3 Rc2+ 34. Kg3 Rg8+ 35. Kh4 e4 36. Re3 b5 37. Rxe4 c5 38.
Rxe6+ Kf7 39. Re5 b4 {suite illisible} 1/2-1/2

[Event "22e Tournoi 1hKO"]
[Site "Montigny le Bretonneux"]
[Date "2018.05.12"]
[Round "5.1"]
[White "David, Frederic"]
[Black "Forissier, Nicolas"]
[Result "0-1"]
[WhiteElo "1964"]
[BlackElo "1977"]
[Annotator "Rivier,Sylvain"]
[PlyCount "64"]
[EventDate "2018.??.??"]

{Partie espagnole, défense fermée} 1. e4 e5 2. Nf3 Nc6 3. Bb5 a6 4. Ba4 b5 5.
Bb3 Nf6 6. O-O Be7 7. Re1 O-O 8. d3 d6 9. h3 Na5 10. Bd2 Nxb3 11. axb3 Bb7 12.
Nc3 Nd7 13. Nd5 f5 14. Ba5 Rc8 15. c4 fxe4 16. dxe4 Nf6 17. cxb5 axb5 18. Rc1
Bxd5 19. exd5 Qd7 20. Ng5 c6 21. dxc6 Rxc6 22. Rxc6 Qxc6 23. Bb4 Nd5 24. Bd2
Nf4 25. Bxf4 Rxf4 26. Qh5 Qc2 27. Nf3 g6 28. Qh6 Qxb2 29. Re3 Qb1+ 30. Kh2 Qf5
31. Rc3 Bf8 32. Qg5 Rxf3 0-1

[Event "22e Tournoi 1hKO"]
[Site "Montigny le Bretonneux"]
[Date "2018.05.12"]
[Round "5.2"]
[White "Trevisiol, Thierry"]
[Black "Alluch Abdellach, Nordin"]
[Result "1-0"]
[WhiteElo "1578"]
[BlackElo "1426"]
[Annotator "Rivier,Sylvain"]
[PlyCount "45"]
[EventDate "2018.??.??"]

{Gambit dame, défense Lasker moderne} 1. d4 d5 2. c4 e6 3. Nf3 Nf6 4. Bg5 Be7
5. e3 h6 6. Bh4 O-O 7. Nc3 c5 8. Qc2 cxd4 9. Nxd4 Nc6 10. Rd1 Ne5 11. cxd5 exd5
12. Be2 a6 13. O-O Bg4 14. Bxg4 Nexg4 15. Nf5 g5 16. Bg3 h5 17. f3 h4 18. Be1
Ne5 19. Nxd5 Nxd5 20. Rxd5 Qb8 21. Nxe7+ Kh8 22. Rxe5 f6 23. Rxg5 1-0

[Event "22e Tournoi 1hKO"]
[Site "Montigny le Bretonneux"]
[Date "2018.05.12"]
[Round "5.4"]
[White "Sondermeijer, Damien"]
[Black "Privat, Jean-Claude"]
[Result "1/2-1/2"]
[WhiteElo "1414"]
[BlackElo "1605"]
[Annotator "Rivier,Sylvain"]
[PlyCount "46"]
[EventDate "2018.??.??"]

{Défense française, variante d'avance} 1. e4 e6 2. d4 d5 3. e5 c5 4. c3 Nc6 5.
Nf3 Bd7 6. Bd3 cxd4 7. cxd4 Qb6 8. Bc2 Nb4 9. Nc3 Nxc2+ 10. Qxc2 Rc8 11. O-O
Ne7 12. Be3 Nf5 13. Rac1 Bb4 14. a3 Be7 15. Qe2 O-O 16. g4 Nxe3 17. fxe3 Rxc3
18. bxc3 Bb5 19. Qb2 Bxf1 20. Qxb6 axb6 21. Kxf1 Bxa3 22. Rb1 Rc8 23. Rb3 Bf8
1/2-1/2

[Event "22e Tournoi 1hKO"]
[Site "Montigny le Bretonneux"]
[Date "2018.05.12"]
[Round "5.5"]
[White "Duval, Dominique"]
[Black "Sagon, Lancelot"]
[Result "1-0"]
[WhiteElo "1704"]
[BlackElo "1479"]
[Annotator "Rivier,Sylvain"]
[PlyCount "73"]
[EventDate "2018.??.??"]

{Partie du pion dame} 1. d4 d5 2. Nf3 Nf6 3. Bf4 e6 4. e3 c5 5. c3 Nc6 6. Bd3
Bd6 7. Bg3 O-O 8. Nbd2 b6 9. Ne5 Bb7 10. f4 Qe7 11. O-O cxd4 12. exd4 Rac8 13.
Qe2 Rc7 14. Bh4 Rfc8 15. Bxf6 Qxf6 16. Rf3 Ne7 17. Raf1 g6 18. Rh3 Bc6 19. Ndf3
Qg7 20. Ng5 Nf5 21. Rxh7 Qxh7 22. Nxh7 Kxh7 23. g4 Ne7 24. Rf3 Kg7 25. Rh3 f6
26. Nxc6 Rxc6 27. Qxe6 Ng8 28. Qxd5 Ne7 29. Qe4 f5 30. gxf5 Nxf5 31. Qf3 Ne7
32. Rg3 Bb8 33. Qe4 a5 34. Qxe7+ Kg8 35. Rxg6+ Rxg6+ 36. Bxg6 Rc7 37. Qe8+ 1-0

[Event "22e Tournoi 1hKO"]
[Site "Montigny le Bretonneux"]
[Date "2018.05.12"]
[Round "5.6"]
[White "Fasquelle, Yann"]
[Black "Didierjean, Tristan"]
[Result "1/2-1/2"]
[WhiteElo "1512"]
[BlackElo "1697"]
[Annotator "Rivier,Sylvain"]
[PlyCount "75"]
[EventDate "2018.??.??"]

{Défense Philidor} 1. e4 e5 2. Nf3 d6 3. Bc4 Be7 4. a3 Nf6 5. d3 O-O 6. Nc3 Bg4
7. Ba2 c6 8. Bd2 d5 9. h3 Bxf3 10. gxf3 d4 11. Ne2 Nh5 12. Ng3 Nf4 13. Bxf4
exf4 14. Nf5 Bf6 15. Qd2 Be5 16. O-O-O Kh8 17. Rdg1 h5 18. h4 g6 19. Rg5 Bf6
20. Rhg1 Bxg5 21. Rxg5 Qc7 22. Nxd4 Kh7 23. Qc3 Na6 24. Qd2 Rae8 25. Ne2 f6 26.
Rg1 g5 27. hxg5 fxg5 28. Rxg5 Kh6 29. Rg1 Re7 30. c3 Rg7 31. Rh1 Qe5 32. d4 Qg5
33. Be6 Qg2 34. Rh3 Qxf2 35. Bg4 Rxg4 36. fxg4 Qf1+ 37. Kc2 Qxh3 38. Nxf4 {
suite illisible} 1/2-1/2

[Event "22e Tournoi 1hKO"]
[Site "Montigny le Bretonneux"]
[Date "2018.05.12"]
[Round "5.7"]
[White "Leclet, Pierre"]
[Black "Branson, James"]
[Result "0-1"]
[WhiteElo "1483"]
[BlackElo "1516"]
[Annotator "Rivier,Sylvain"]
[PlyCount "118"]
[EventDate "2018.??.??"]

{Partie du pion dame} 1. d4 d5 2. b3 e6 3. a3 Nd7 4. Bb2 Ngf6 5. e3 c5 6. Bb5
a6 7. Bxd7+ Bxd7 8. Nf3 Rc8 9. O-O Qc7 10. Nbd2 c4 11. bxc4 dxc4 12. Bc3 Nd5
13. Nb1 b5 14. Qc1 Bd6 15. Ba5 Qb7 16. e4 Nf4 17. Bd2 Ng6 18. e5 Be7 19. Bb4
Bc6 20. Qe3 Bxf3 21. Qxf3 Qxf3 22. gxf3 Bxb4 23. axb4 Nh4 24. c3 Nxf3+ 25. Kg2
Nh4+ 26. Kh3 g5 27. f4 h6 28. Rxa6 Rb8 29. Nd2 Nf5 30. Ne4 O-O 31. Nf6+ Kg7 32.
Nd7 Ra8 33. Rfa1 Rxa6 34. Rxa6 Rd8 35. Ra7 Ne3 36. Nc5 Kg6 37. Ne4 gxf4 38. Nd6
Rf8 39. Nxb5 Kh5 40. Nd6 Rg8 41. Ne4 Rg7 42. Nf6+ Kg6 43. b5 Kf5 44. b6 f3 45.
b7 f2 46. Ra1 Ng2 47. Rf1 Nf4+ 48. Kh4 Rg2 49. Rxf2 Rxf2 50. Kg3 Rb2 51. b8=Q
Rxb8 52. h3 Rb2 53. Kf3 Nxh3 54. Ne4 Ng5+ 55. Nxg5 hxg5 56. Ke3 Rh2 57. d5 exd5
58. Kd4 Rd2+ 59. Kc5 Kxe5 0-1

[Event "22e Tournoi 1hKO"]
[Site "Montigny le Bretonneux"]
[Date "2018.05.12"]
[Round "5.8"]
[White "Zareli, Youssef"]
[Black "Pelletier, Sylvain"]
[Result "0-1"]
[WhiteElo "1190"]
[BlackElo "1399"]
[Annotator "Rivier,Sylvain"]
[PlyCount "54"]
[EventDate "2018.??.??"]

{Défense sicilienne, variante Rossolimo} 1. e4 c5 2. Nf3 Nc6 3. Bc4 e6 4. O-O
d5 5. exd5 exd5 6. Bb5 Qc7 7. d4 a6 8. Ba4 b5 9. Bb3 c4 10. Bxc4 bxc4 11. Nc3
Nf6 12. Bg5 Be7 13. Re1 Be6 14. b3 O-O 15. Ne5 Nxe5 16. dxe5 Ne4 17. Nxe4 dxe4
18. Bxe7 Qxe7 19. Rxe4 Rfd8 20. Qh5 c3 21. f4 Qc5+ 22. Kh1 g6 23. Qg5 Rd2 24.
Rf1 Bd5 25. Rfe1 Bxe4 26. Rxe4 Rd1+ 27. Re1 Rxe1# 0-1

[Event "22e Tournoi 1hKO"]
[Site "Montigny le Bretonneux"]
[Date "2018.05.12"]
[Round "5.9"]
[White "Pelletier, Noe"]
[Black "Montay, Jean-Paul"]
[Result "0-1"]
[WhiteElo "1180"]
[BlackElo "1391"]
[Annotator "Rivier,Sylvain"]
[PlyCount "46"]
[EventDate "2018.??.??"]

{Défense française, variante d'avance} 1. e4 c5 2. Nf3 e6 3. c3 Nc6 4. d4 d5 5.
e5 cxd4 6. cxd4 Bb4+ 7. Nc3 Nge7 8. Bb5 O-O 9. Bg5 Qb6 10. Bxe7 Nxe7 11. Bd3
Nc6 12. Qc2 h6 13. O-O Nxd4 14. Nxd4 Qxd4 15. Nb5 Qxe5 16. Qb3 Ba5 17. f4 Qf6
18. Nd6 Bb6+ 19. Kh1 Qe7 20. Nb5 a6 21. Nc3 Bc5 22. Na4 Bd4 23. Qb4 Qxb4 {
suite illisible} 0-1